000 00761nam a22002177a 4500
999 _c4372
_d4372
003 GBCCL
005 20241126110517.0
008 180119b xxu||||| |||| 00| 0 eng d
040 _cgbc
082 _a230.0411
_bBRY
100 _aBryant, James W.
_98214
245 _aThe Future of God:
_bA Theology of the Older Testament for the Younger Generation /
_cJames W. Bryant
260 _aTexas:
_bCrescendo Book Publications,
_c1972
300 _a98 p.;
_c22 cm.
440 _aCollege Bible Series
_n4
_v1
_98215
505 _a"A Bible-centered Sunday school curriculum for high school through adults"--Cover.
650 _aBible. -- Old Testament.
_910118
650 _aGod -- Biblical teaching.
_910119
650 _aTheology, Doctrinal.
_914
942 _2ddc
_cBK